000 00530nam a2200193Ia 4500
005 20250317125035.0
008 008 250317s9999 xx 000 0 eng d
020 _a0-07-03876-2
037 _aTextbook
040 _aFMSL
_beng
_cFMSL
041 _aeng
_2eng
084 _aX:321:SN1 N3
_qFMSL
100 _aLoudon D L
_9743372
245 0 _aConsumer behavior
260 _aNY
_bNY, McGraw-Hill
_c1993
300 _a908p
942 _cTB
_hX:321:SN1 N3
999 _c1257740
_d1257740